Vainqueurs de la CAN depuis 1957 - Statistiques

Statistiques générales
  • Ce quiz a été pris 91 fois
  • Le résultat moyen est 30 sur 34
Statistiques - réponses
Hint Réponse % Correct
1990 Algérie
100%
2019 Algérie
100%
1976 Maroc
100%
2021 Sénégal
99%
1992 Côte d'Ivoire
96%
2015 Côte d'Ivoire
96%
2023 Côte d'Ivoire
96%
1957 Egypte
95%
1959 Egypte
95%
1986 Egypte
95%
1998 Egypte
95%
2006 Egypte
95%
2008 Egypte
95%
2010 Egypte
95%
2004 Tunisie
95%
1996 Afrique du Sud
90%
1984 Cameroun
90%
1988 Cameroun
90%
2000 Cameroun
90%
2002 Cameroun
90%
2017 Cameroun
90%
1968 Congo
89%
1972 Congo
89%
1963 Ghana
80%
1965 Ghana
80%
1978 Ghana
80%
1982 Ghana
80%
1980 Nigéria
79%
1994 Nigéria
79%
2013 Nigéria
79%
2012 Zambie
77%
1962 Ethiopie
68%
1970 Soudan
59%
1974 Zaïre
33%
Aucun quiz correspondant
Distribution des résultats
% des personnes avec chaque résultat
Percentile par nombre de réponses
Votre historique - résultats
Vous n’avez pas pris ce quiz